[Event "Challenge"]
[Site "http://www.queenalice.com/game.php?id=1489503"]
[Date "2017.8.9"]
[Round "-"]
[White "Derik_vd_Heever"]
[Black "GFB"]
[Result "0-1"]
[WhiteElo "1520"]
[BlackElo "1630"]

1. e4 e5 2. Nf3 Nc6 3. Nc3 a6 4. g3 Nf6 5. Bg2 Bb4 6. Ne2 h6 7. c3 Bc5 8. O-O
O-O 9. b4 Bb6 10. Ba3 Nxe4 11. d4 exd4 12. cxd4 d5 13. Qc2 Re8 14. Bb2 Qf6 15.
Qd3 Bf5 16. h3 Nxg3 17. Qd2 Nxf1 18. Kxf1 Rad8 19. Nf4 Rd6 20. Nh5 Qg6 21. Nf4
Qh7 22. Nh4 Be4 23. Qe2 Re7 24. Qg4 Rd8 25. Bxe4 Rxe4 26. Nf5 g6 27. Nh4 Rd6 28.
Qc8+ Nd8 29. Ba3 g5 30. Nf5 Rxf4 31. b5 Qxf5 32. Qa8 Qxh3+ 33. Ke2 Re6+ 34. Kd2
Rxf2+ 35. Kc1 Qf1# 0-1

[Event "Challenge"]
[Site "http://www.queenalice.com/game.php?id=1490082"]
[Date "2017.8.13"]
[Round "-"]
[White "Frankone"]
[Black "GFB"]
[Result "0-1"]
[WhiteElo "1486"]
[BlackElo "1619"]

1. e4 e5 2. Nf3 Nc6 3. Bc4 Nf6 4. Ng5 d5 5. exd5 Nxd5 6. h4 Be6 7. c3 Be7 8. b4
Bxg5 9. hxg5 Qxg5 10. g3 h6 11. d3 Qf6 12. Bb5 Bf5 13. c4 Nxb4 14. Nc3 Nxd3+ 15.
Kf1 a6 16. Nd5 Qd6 17. Bxc6+ Qxc6 18. g4 Nxf2 19. Kxf2 Be4 20. Re1 Bxd5 21. cxd5
Qd6 22. Bb2 f6 23. Rh1 O-O-O 24. Qd3 Qc5+ 25. Ke2 Rxd5 26. Qg6 Qb5+ 27. Ke1 Qxb2
28. Rb1 Qd2+ 29. Kf1 Qd3+ 30. Qxd3 Rxd3 31. Ke2 Rg3 32. Rb4 Rg2+ 33. Kf1 Rxa2
34. Re4 Rd8 35. g5 Rd1+ 36. Re1 Rxe1+ 37. Kxe1 Ra1+ 38. Kf2 Rxh1 39. gxf6 gxf6
40. Kg2 Ra1 41. Kg3 c5 42. Kg4 c4 43. Kh5 c3 44. Kxh6 c2 45. Kg6 c1=Q 46. Kxf6
Ra5 47. Ke6 Qg5 48. Kd6 Qf6# 0-1

[Event "Challenge"]
[Site "http://www.queenalice.com/game.php?id=1490084"]
[Date "2017.8.13"]
[Round "-"]
[White "Canaye"]
[Black "GFB"]
[Result "0-1"]
[WhiteElo "1848"]
[BlackElo "1582"]

1. d4 d5 2. c4 dxc4 3. e3 b5 4. Qf3 c6 5. Nc3 a6 6. d5 cxd5 7. Nxd5 Ra7 8. e4 e6
9. Nc3 Bb7 10. Be3 Ra8 11. Nh3 Nf6 12. Rd1 Bd6 13. e5 Bxf3 14. Rxd6 Nfd7 15.
gxf3 Qc7 16. Bg2 Nxe5 17. Rd2 Nd3+ 18. Ke2 Nc6 19. f4 O-O 20. Ng5 h6 21. Nge4
Nxf4+ 22. Bxf4 Qxf4 23. Bf3 Rad8 24. Rxd8 Rxd8 25. Rg1 Nd4+ 0-1

[Event "Challenge"]
[Site "http://www.queenalice.com/game.php?id=1490494"]
[Date "2017.8.17"]
[Round "-"]
[White "GFB"]
[Black "Baby_Chess_91"]
[Result "1/2-1/2"]
[WhiteElo "1671"]
[BlackElo "1120"]

1. e4 e5 2. Nf3 Nc6 3. a3 Nf6 4. Nc3 Bc5 5. Bc4 O-O 6. d3 d6 7. h3 Bd7 8. Qe2
Nd4 9. Nxd4 Bxd4 10. Bd2 Bc6 11. O-O d5 12. exd5 Bxd5 13. Bxd5 Nxd5 14. Rab1 Nf4
15. Bxf4 exf4 16. Qd2 Be5 17. Qd1 Qh4 18. Ne4 Rfe8 19. Qg4 Qxg4 20. hxg4 Re6 21.
Nc5 Rh6 22. f3 Bd4+ 23. Rf2 Re8 24. Ne4 Ree6 25. c3 Bb6 26. d4 c5 27. Rd1 cxd4
28. cxd4 Rc6 29. b3 a5 30. a4 Ba7 31. Rfd2 Rh4 32. g3 Rh3 33. Kg2 Rch6 34. gxf4
Bb8 35. Ng5 Rh2+ 36. Kg3 R2h4 37. Kf2 Bxf4 38. Rd3 Rh2+ 39. Kg1 Bxg5 40. f4 Bxf4
41. d5 Rg6 42. d6 Rxg4+ 43. Kf1 Rgg2 44. d7 Rf2+ 45. Kg1 Rhg2+ 46. Kh1 Rh2+ 47.
Kg1 Rhg2+ 48. Kh1 Rh2+ 49. Kg1 Rhg2+ 50. Kh1 Rh2+ 51. Kg1 1/2-1/2

[Event "Challenge"]
[Site "http://www.queenalice.com/game.php?id=1491502"]
[Date "2017.8.24"]
[Round "-"]
[White "GFB"]
[Black "jbugg"]
[Result "1-0"]
[WhiteElo "1610"]
[BlackElo "1442"]

1. e4 e5 2. Nf3 Bd6 3. Nc3 Nf6 4. h3 Nc6 5. a3 Nd4 6. Be2 O-O 7. d3 b5 8. b4 c5
9. Nxd4 exd4 10. Nxb5 Bb8 11. Bd2 a6 12. e5 Bxe5 13. Bf3 d5 14. a4 axb5 15. axb5
Bb7 16. bxc5 Rc8 17. c6 Ba8 18. O-O Bc7 19. Bb4 Re8 20. Bc5 Rb8 21. Rb1 Re5 22.
Bxd4 Rf5 23. Re1 Qd6 24. g3 h6 25. c3 h5 26. h4 g6 27. Re3 Kg7 28. Rb3 Kh7 29.
Bxf6 Rxf6 30. d4 Rf5 31. Qf1 g5 32. Qh3 Rxf3 33. Rxf3 f6 34. hxg5 Qf8 35. Rxf6
Qe8 36. Qf5+ Kg7 37. Kf1 h4 38. gxh4 Bd8 39. c7 Bxc7 40. g6 Rxb5 41. Re6 Qf8 42.
Qxf8+ Kxf8 43. Rxb5 Kg7 44. Re7+ Kxg6 45. Rxc7 Kh5 46. Rh7+ Kg4 47. h5 Bc6 48.
Rc5 Kf5 49. Rxc6 Ke4 50. Ke2 Kf4 51. Re6 Kf5 52. Re5+ Kf4 53. Rf7+ Kg4 54. f3+
Kg3 55. Rg5+ Kh4 56. Rfg7 Kh3 57. Rg4 Kh2 58. Kf2 Kh3 59. R7g5 Kh2 60. Rh4# 1-0

[Event "Challenge"]
[Site "http://www.queenalice.com/game.php?id=1492937"]
[Date "2017.9.4"]
[Round "-"]
[White "jbugg"]
[Black "GFB"]
[Result "0-1"]
[WhiteElo "1420"]
[BlackElo "1642"]

1. e4 e5 2. Nf3 Nc6 3. Nc3 a6 4. Bc4 h6 5. O-O Bb4 6. Qe2 Bxc3 7. dxc3 Nf6 8.
Be3 d6 9. Qd3 Bg4 10. Qe2 Nxe4 11. h3 Bf5 12. Nd2 Nxd2 13. Qxd2 O-O 14. Bd3 Qf6
15. Rfe1 Rad8 16. c4 e4 17. Be2 b6 18. a3 Qg6 19. b4 Bxh3 20. g3 Ne5 21. Kh2 Bg4
22. c5 Qh5+ 23. Kg2 Nf3 24. Rh1 Qe5 25. c3 Nxd2 26. Bxg4 Nc4 27. Be2 Nxe3+ 28.
fxe3 Qxc3 29. Bxa6 Ra8 30. Bb7 Rxa3 31. Raf1 Qxe3 32. cxd6 Qxg3# 0-1

[Event "Challenge"]
[Site "http://www.queenalice.com/game.php?id=1495194"]
[Date "2017.9.19"]
[Round "-"]
[White "GFB"]
[Black "naugard47"]
[Result "1-0"]
[WhiteElo "1634"]
[BlackElo "1774"]

1. e4 e5 2. Nf3 Nc6 3. a3 a6 4. Nc3 Nf6 5. h3 h6 6. Bc4 Qe7 7. d3 Nd4 8. Be3 Nc6
9. Qd2 d6 10. O-O Be6 11. Bd5 Qd7 12. Bxe6 Qxe6 13. b4 Be7 14. Rfe1 O-O 15. Rab1
b5 16. Rb2 Rfb8 17. Rbb1 a5 18. Ra1 a4 19. Rab1 Nh5 20. d4 exd4 21. Nxd4 Nxd4
22. Bxd4 Nf6 23. e5 Nd7 24. exd6 Qxd6 25. Qd3 c6 26. Rbd1 Re8 27. Ne4 Qc7 28.
Qg3 Qxg3 29. Nxg3 g6 30. Be3 Nf6 31. Bxh6 Bf8 32. Bxf8 Rxe1+ 33. Rxe1 Rxf8 34.
f4 Nd5 35. f5 g5 36. Ne4 f6 37. Nc5 Nb6 38. Ne6 Re8 39. Re3 Nc4 40. Rc3 Ne5 41.
Rg3 Re7 42. h4 g4 43. h5 Kh8 44. Nc5 Rh7 45. Nd3 Rxh5 46. Nf4 Rxf5 47. Ne6 Rh5
48. Nd4 Rh7 49. Rc3 Rc7 50. Kh2 Rf7 51. Nxc6 Nxc6 52. Rxc6 f5 53. Kg3 Re7 54.
Kf4 Re2 55. g3 Kg7 56. Kxf5 Rh2 57. Kxg4 Rh6 58. Rc5 Rb6 59. Kg5 Kf7 60. g4 Rg6+
61. Kf5 Rf6+ 62. Kg5 Rg6+ 63. Kf5 Rf6+ 64. Ke5 Re6+ 65. Kf5 Rf6+ 66. Kg5 Rg6+
67. Kh5 Re6 68. g5 Ke7 69. g6 Rd6 70. Kh6 Rd2 71. Kg7 Ke6 72. Rc6+ Kf5 73. Kf7
Rd7+ 74. Ke8 Rg7 75. Rc5+ Kf6 76. Rxb5 Kxg6 77. c4 Rf7 78. Ra5 Rf4 79. c5 Rd4
80. Rxa4 Kf6 81. c6 Ke6 82. Ra7 Rd6 83. c7 1-0

[Event "Challenge"]
[Site "http://www.queenalice.com/game.php?id=1495196"]
[Date "2017.9.19"]
[Round "-"]
[White "GFB"]
[Black "kuntakinte"]
[Result "1-0"]
[WhiteElo "1649"]
[BlackElo "1789"]

1. e4 e5 2. Nf3 d6 3. h3 c5 4. Nc3 a6 5. Bc4 b5 6. Bd5 Ra7 7. a3 c4 8. d3 cxd3
9. Qxd3 h6 10. Be3 Rc7 11. b4 Re7 12. O-O Be6 13. Bxe6 Rxe6 14. a4 Nc6 15. Rfb1
Nf6 16. axb5 axb5 17. Qxb5 Be7 18. Qxc6+ Nd7 19. Ra8 d5 20. Rxd8+ Bxd8 21. Qb5
d4 22. Nxe5 Rd6 23. Nxd7 Rxd7 24. Bxd4 f6 25. Ra1 Rf8 26. Nd5 Rf7 27. Bc5 f5 28.
Ra8 fxe4 29. Nc7# 1-0

[Event "Challenge"]
[Site "http://www.queenalice.com/game.php?id=1495197"]
[Date "2017.9.19"]
[Round "-"]
[White "GFB"]
[Black "midknightblue"]
[Result "0-1"]
[WhiteElo "1630"]
[BlackElo "1661"]

1. e4 e5 2. Nf3 Nc6 3. a3 Nf6 4. Nc3 Bd6 5. Bb5 O-O 6. Bxc6 bxc6 7. O-O Ba6 8.
Re1 Rb8 9. d3 Ng4 10. Be3 Nxe3 11. Rxe3 Bc5 12. d4 exd4 13. Nxd4 Rxb2 14. Na4
Bxd4 15. Nxb2 Bxe3 16. fxe3 d6 17. Na4 Qe8 18. Qf3 Qe5 19. Rb1 c5 20. Nb2 Qc3
21. Qf2 Qxa3 22. Nd1 Qa2 23. Nc3 Qc4 24. Rc1 Qxc3 25. h3 Re8 26. Rb1 h6 27. Rb3
Qa1+ 28. Kh2 Qe5+ 29. Kg1 Qxe4 30. Ra3 Qb7 31. e4 Re7 32. Qh4 f6 33. Rg3 Qb1+
34. Kh2 Kh7 35. Qg4 Qf1 36. c3 Bb7 37. Qf5+ Qxf5 38. exf5 Bc8 39. Rf3 Re5 40. g4
Bb7 41. Rf2 Re8 42. Rb2 Rb8 43. Re2 a5 44. Ra2 Ra8 45. c4 a4 46. Kg3 Be4 47. Ra3
h5 48. Kf4 Bg2 49. h4 Kh6 50. g5+ Kh7 51. Rg3 a3 52. Rxg2 a2 53. Rg1 a1=Q 54.
g6+ Kh6 55. Rxa1 Rxa1 56. Ke4 Rd1 57. Ke3 Rd4 58. Ke2 Rxh4 59. Kd3 Rg4 60. Ke3
Rxc4 61. Kd3 Rd4+ 62. Ke3 h4 63. Kf3 h3 64. Kg3 c4 65. Kxh3 c3 66. Kg3 c2 67.
Kf3 c1=Q 68. Ke2 Qc3 69. Kf2 Rd2+ 70. Ke1 Qc1# 0-1

[Event "Challenge"]
[Site "http://www.queenalice.com/game.php?id=1495199"]
[Date "2017.9.19"]
[Round "-"]
[White "GFB"]
[Black "Rider"]
[Result "1-0"]
[WhiteElo "1656"]
[BlackElo "1617"]

1. e4 e5 2. Nf3 Nc6 3. a3 d6 4. h3 Be6 5. Nc3 Be7 6. Bb5 Bd7 7. d3 Nf6 8. Be3
Na5 9. Bxd7+ Qxd7 10. Qd2 O-O 11. O-O b5 12. b4 Nb7 13. a4 a6 14. a5 c5 15. bxc5
dxc5 16. Nxe5 Qc7 17. d4 Rfd8 18. d5 Qxe5 19. Bf4 Qh5 20. e5 Nd7 21. Qe2 Qf5 22.
Qe4 Qxe4 23. Nxe4 h6 24. e6 fxe6 25. dxe6 Nf8 26. Bc7 Rd4 27. Rfe1 Rc8 28. Be5
Rc4 29. c3 Nxe6 30. f3 Nbd8 31. g3 Nc6 32. Bd6 Kf7 33. Bxe7 Kxe7 34. h4 Ne5 35.
Kg2 Nf7 36. f4 Ned8 37. Nd2+ Kf8 38. Nxc4 bxc4 39. Red1 Rb8 40. Rd7 Rb2+ 41. Kh3
Rb3 42. Rc7 Ne6 43. Rc6 Ke7 44. f5 Ned8 45. Rxc5 Rxc3 46. Ra4 Nd6 47. Kg4 Kf6
48. Rc6 Ke5 49. Rc5+ Kf6 50. Kf4 Rc1 51. g4 Rf1+ 52. Ke3 N8b7 53. Rc6 Ke5 54. h5
Rc1 55. Rxa6 Nc5 56. Kd2 Rg1 57. Rxd6 Nxa4 58. Re6+ Kd5 59. a6 Ra1 60. a7 Nc5
61. Re7 Ne4+ 62. Kc2 Kd6 63. Rxg7 Ke5 64. Rh7 Ng5 65. Rg7 Kf6 66. Rc7 Ra3 67.
Kb2 Ra6 68. Kc3 Nf3 69. Rh7 Kg5 70. Kxc4 Kxg4 71. Kb5 Ra1 72. Kb6 Rb1+ 73. Kc7
Ra1 74. Kb8 Rb1+ 75. Rb7 Ra1 76. a8=Q Rxa8+ 77. Kxa8 Kxf5 78. Rg7 Ne5 79. Kb7
Ng4 80. Kc7 Nf6 81. Rg6 Ng4 82. Kd6 Ne5 83. Rg7 Kf6 84. Rg1 Ng4 85. Rxg4 Kf7 86.
Kd7 Kf6 87. Ke8 Kf5 88. Rg6 Kf4 89. Kf8 Kf5 90. Kf7 Kf4 91. Rxh6 Kg5 92. Rh8 Kf5
93. Rg8 Kf4 94. h6 Kf5 95. h7 Kf4 96. h8=Q Kf5 97. Re8 Kf4 98. Qe5+ Kg4 99. Rg8+
Kf3 100. Rg3+ Kf2 101. Qe3+ Kf1 102. Rg1# 1-0

[Event "Challenge "]
[Site "http://www.queenalice.com/game.php?id=1496612"]
[Date "2017.9.27"]
[Round "-"]
[White "Baby_Chess_91"]
[Black "GFB"]
[Result "0-1"]
[WhiteElo "1185"]
[BlackElo "1630"]

1. e4 e5 2. Nf3 Nc6 3. Bc4 a6 4. d3 Nf6 5. Be3 h6 6. Nc3 Bb4 7. a3 Bxc3+ 8. bxc3
d5 9. exd5 Nxd5 10. Bc5 Nxc3 11. Qd2 Na4 12. O-O Nxc5 13. Rfe1 Nd7 14. Bd5 Ne7
15. Bb3 Ng6 16. d4 O-O 17. dxe5 Nc5 18. Qe3 Nxb3 19. cxb3 Be6 20. Rec1 a5 21. a4
Ra6 22. Qc5 Bxb3 23. Qb5 Qd5 24. Qxd5 Bxd5 25. Nd4 c6 26. Nf5 Nxe5 27. Ne7+ Kh7
28. Ra3 Be6 29. Re1 Ng6 30. Nxg6 Kxg6 31. Rf3 Bd5 32. Rf4 Kh7 33. Rh4 c5 34. Re5
Rd8 35. g4 Rb6 36. Kf1 Bf3 37. Re1 g5 38. Rh3 Bxg4 39. Rg3 Bd1 40. Rge3 Bxa4 41.
Rf3 Bb5+ 42. Kg2 Bc6 43. Re7 Bxf3+ 44. Kxf3 Kg7 45. Kg4 Rb3 46. Re5 Kg6 47. Rxc5
Rd4+ 48. f4 h5# 0-1

[Event "Challenge"]
[Site "http://www.queenalice.com/game.php?id=1497916"]
[Date "2017.10.7"]
[Round "-"]
[White "midknightblue"]
[Black "GFB"]
[Result "1-0"]
[WhiteElo "1700"]
[BlackElo "1632"]

1. e4 e5 2. Nf3 Nc6 3. Bb5 Qf6 4. Bxc6 Qxc6 5. Nc3 Bb4 6. O-O Bxc3 7. dxc3 Qxe4
8. Re1 Qg6 9. Nxe5 Qe6 10. Bf4 Ne7 11. Nf3 Qc4 12. Qd2 d6 13. Qe3 Be6 14. Nd2
Qc5 15. Qxc5 dxc5 16. Bxc7 O-O 17. Bd6 Rfe8 18. Bxc5 Rac8 19. Bxa7 Rcd8 20. Nf3
Rd5 21. Bd4 Bg4 22. Ne5 Bf5 23. Rac1 f6 24. Nf3 Kf7 25. Nh4 g5 26. Nxf5 Nxf5 27.
Rxe8 Kxe8 28. Bxf6 Nd6 29. Bd4 Kd7 30. Re1 Nc4 31. b3 Na3 32. Rc1 b5 33. b4 Kc6
34. h3 Nc4 35. Re1 Na3 36. Re2 Nc4 37. Re6+ Rd6 38. Re7 h6 39. Ra7 Rd8 40. Ra6+
Kb7 41. Rxh6 Rg8 42. g4 Kc7 43. Kg2 Kb7 44. Bf6 Ra8 45. Rh5 Rxa2 46. Rxg5 Rxc2
47. Rxb5+ Kc6 48. Rc5+ Kd6 49. Rxc4 Kd5 50. Rc5+ Ke6 51. g5 Kf7 52. Kg3 Rc1 53.
b5 Rg1+ 54. Kh4 Rg2 55. Bd4 Kg6 56. b6 Rg1 57. Rb5 Re1 58. Be3 Rd1 59. b7 Rd3
60. b8=Q Rxc3 61. Qg8# 1-0

[Event "Challenge"]
[Site "http://www.queenalice.com/game.php?id=1499195"]
[Date "2017.10.16"]
[Round "-"]
[White "BillieJean"]
[Black "GFB"]
[Result "1/2-1/2"]
[WhiteElo "1100"]
[BlackElo "1656"]

1. d4 d5 2. Bf4 h6 3. Nc3 Nf6 4. h3 Bf5 5. Qb1 e6 6. e3 Bb4 7. Bb5+ Nbd7 8. Nf3
Bxc3+ 9. bxc3 a6 10. Bxd7+ Qxd7 11. Ne5 Qe7 12. Qxb7 O-O 13. Nc6 Qa3 14. O-O
Qxc3 15. Rac1 Rfc8 16. Ne7+ Kh7 17. Nxc8 Rxc8 18. Qxc8 c6 19. Qf8 Bg6 20. Qa8 a5
21. Be5 Ne4 22. Qf8 Nf6 23. Rb1 Qb4 24. Rxb4 axb4 25. Qxb4 Nd7 26. Bd6 Bxc2 27.
Qb7 Nf6 28. Qxc6 Bd3 29. Rb1 Bxb1 30. a3 Bd3 31. a4 Bc4 32. a5 Ne4 33. Bf8 Nc3
34. a6 Nb5 35. g4 Kg8 36. Qa8 Nc7 37. Qc8 Nxa6 38. f4 Bd3 39. g5 h5 40. Qd8 h4
41. g6 Bxg6 42. Ba3+ Kh7 43. Qxh4+ Kg8 44. Qe1 Nc7 45. e4 Bxe4 46. Bd6 Nb5 47.
Be5 f6 48. Bb8 Nxd4 49. Qb4 Nf5 50. Qb6 Kf7 51. Qb7+ Kg6 52. Qd7 Nd4 53. Qe8+
Kh6 54. Kf2 Bf5 55. h4 Bg6 56. Qa4 Nf5 57. Qd7 Nd4 58. Ke3 Nf5+ 59. Kd3 Nxh4+
60. Kc3 Bf5 61. Bd6 Kh5 62. Qxg7 Ng6 63. Qxf6 Kh6 64. Qd4 Kh7 65. Qg1 Kg7 66.
Qa7+ Kh6 67. Qg1 Kg7 68. Qh2 Kf6 69. Bc7 Kg7 70. Qh5 Kf6 71. Bd8+ Kg7 72. Qg5
Kh7 73. Bf6 e5 74. Qxf5 d4+ 75. Kc4 d3 76. Kxd3 e4+ 77. Kxe4 Kg8 78. Qxg6+ Kf8
79. f5 1/2-1/2

[Event "Challenge"]
[Site "http://www.queenalice.com/game.php?id=1604206"]
[Date "2020.3.25"]
[Round "-"]
[White "GFB"]
[Black "BillieJean"]
[Result "1-0"]
[WhiteElo "1643"]
[BlackElo "1179"]

1. e4 a5 2. a4 Nc6 3. c3 e5 4. Bb5 Nf6 5. Bxc6 dxc6 6. Qc2 c5 7. c4 Bg4 8. Nc3
Qd4 9. d3 Be7 10. Be3 Qd6 11. Nb5 Qd7 12. Qc3 c6 13. Na3 O-O 14. Bg5 Nh5 15.
Bxe7 Qxe7 16. h3 Be6 17. Qxe5 Nf6 18. Nf3 Nd7 19. Qc3 b5 20. axb5 cxb5 21. Nxb5
Rab8 22. Rxa5 Nb6 23. Ne5 f6 24. Nc6 Qc7 25. Nxc7 Rbc8 26. Ne7+ Kf7 27. Nxc8
Rxc8 28. Nxe6 Kxe6 29. O-O Nd7 30. Ra7 Nf8 31. Rfa1 Rc6 32. f4 g6 33. f5+ gxf5
34. exf5+ Kxf5 35. Rf1+ Kg5 36. Rg7+ Kh6 37. Rg3 Rc7 38. Qd2+ Kh5 39. Rf5+ Kh4
40. Qf4# 1-0

[Event "Challenge"]
[Site "http://www.queenalice.com/game.php?id=1605448"]
[Date "2020.4.2"]
[Round "-"]
[White "BillieJean"]
[Black "GFB"]
[Result "0-1"]
[WhiteElo "1179"]
[BlackElo "1645"]

1. c3 e5 2. d3 Nf6 3. e4 h6 4. Nf3 Nc6 5. Be2 Bc5 6. h3 d6 7. Na3 Bxa3 8. bxa3
a6 9. a4 a5 10. c4 Bd7 11. O-O Qe7 12. Qb3 Ra7 13. Bd2 O-O 14. Bc3 Be6 15. Bd2
b6 16. Qb5 Bd7 17. Be3 Nd4 18. Qb2 Nxe2+ 19. Qxe2 Bxa4 20. Rab1 Ra6 21. Rbc1 c5
22. Rc3 Qe6 23. Qb2 Rb8 24. Ra3 Qe8 25. Nh4 Bd7 26. Rb3 Qc8 27. Qe2 a4 28. Ra3
b5 29. Qf3 b4 30. Rxa4 Rxa4 31. Ra1 b3 32. Qe2 b2 33. Rb1 Rxa2 34. Qd2 Ra1 35.
Qd1 Rxb1 36. Qxb1 Ba4 37. Nf5 Qd7 38. Bxh6 Bc2 39. Qxc2 b1=Q+ 40. Bc1 Qxc2 41.
Bh6 Rb1+ 42. Kh2 Qxf2 43. Bxg7 Qf4+ 44. g3 Qf2# 0-1

[Event "Challenge"]
[Site "http://www.queenalice.com/game.php?id=1606974"]
[Date "2020.4.10"]
[Round "-"]
[White "BillieJean"]
[Black "GFB"]
[Result "0-1"]
[WhiteElo "1179"]
[BlackElo "1647"]

1. h4 h5 2. Nf3 d5 3. d4 f6 4. Nc3 a6 5. b3 e6 6. e3 Nc6 7. g3 Bd6 8. Bd3 Nge7
9. Ne2 Nb4 10. a3 Nxd3+ 11. Qxd3 Nc6 12. Bd2 Ne7 13. Nf4 Bxf4 14. exf4 Nf5 15.
Bb4 Nd6 16. O-O Qe7 17. f5 Bd7 18. Rae1 Qf7 19. Bd2 O-O-O 20. fxe6 Bxe6 21. Re2
Bf5 22. Qc3 Rhe8 23. Re3 Nb5 24. Qb4 Rxe3 25. fxe3 Qg6 26. Be1 Re8 27. Qd2 Bh3
28. Rf2 Qxg3+ 29. Kh1 Re4 30. Qe2 Bg4 31. a4 Bxf3+ 32. Rxf3 Rxh4+ 33. Qh2 Qxh2#
0-1

[Event "Challenge"]
[Site "http://www.queenalice.com/game.php?id=1609617"]
[Date "2020.4.27"]
[Round "-"]
[White "ALDROB"]
[Black "GFB"]
[Result "1-0"]
[WhiteElo "1816"]
[BlackElo "1649"]

1. e4 e5 2. Nf3 Nc6 3. Bb5 Qf6 4. O-O Nd4 5. Nxd4 exd4 6. d3 a6 7. Ba4 Bd6 8. f4
b5 9. Bb3 Ne7 10. e5 Qh4 11. exd6 cxd6 12. Nd2 d5 13. Nf3 Qf6 14. Re1 h6 15.
Bxd5 Ra7 16. Ne5 Nxd5 17. Ng4+ Qe7 18. Rxe7+ Kxe7 19. Qe2+ Kd8 20. Qe5 h5 21.
Qxg7 Re8 22. Ne5 d6 23. Nc6+ Kd7 24. Ne5+ Kc7 25. Qxf7+ Re7 26. Qxd5 Bb7 27.
Qxd4 Ra8 28. Nf3 Rg8 29. Be3 Bxf3 30. Qb6+ Kd7 31. g3 h4 32. Bf2 Ra8 33. Re1 Rg7
34. Qe3 hxg3 35. Bxg3 Bd5 36. b3 Rg6 37. Qe7+ Kc6 38. c4 Bf3 39. cxb5+ Kxb5 40.
Qc7 Rag8 41. Qc4+ Kb6 42. Qd4+ Kb7 43. Re7+ Kb8 44. Qb6+ Ka8 45. Qa7# 1-0

[Event "Challenge"]
[Site "http://www.queenalice.com/game.php?id=1609618"]
[Date "2020.4.27"]
[Round "-"]
[White "mascarade"]
[Black "GFB"]
[Result "0-1"]
[WhiteElo "1759"]
[BlackElo "1649"]

1. Nf3 Nc6 2. d4 d5 3. e3 Nf6 4. g3 Bf5 5. Bg2 h6 6. O-O e6 7. a3 Bd6 8. Nc3 a6
9. b4 e5 10. Bb2 e4 11. Ne2 Qd7 12. Qc1 exf3 0-1

[Event "Challenge"]
[Site "http://www.queenalice.com/game.php?id=1609619"]
[Date "2020.4.27"]
[Round "-"]
[White "mitsho"]
[Black "GFB"]
[Result "1-0"]
[WhiteElo "1752"]
[BlackElo "1640"]

1. d4 d5 2. Nf3 h6 3. Nc3 Nf6 4. e3 Bg4 5. Be2 a6 6. O-O e6 7. b3 Bb4 8. Bb2
Bxf3 9. Bxf3 Bxc3 10. Bxc3 Nc6 11. Qe2 Qd6 12. Bb2 O-O 13. c4 dxc4 14. bxc4 a5
15. a4 Qb4 16. Ba3 Qb6 17. Bxf8 Kxf8 18. c5 Qa7 19. Qb5 Qb8 20. Rab1 Qc8 21.
Qxb7 Qxb7 22. Rxb7 Rc8 23. Bxc6 Ke7 24. f4 Ng4 25. e4 Kd8 26. h3 Ne3 27. Rf3 Nc4
28. e5 Nd2 29. Rd3 Nc4 30. Bb5 Nb2 31. Rd2 Nxa4 32. Bxa4 Ra8 33. d5 Kc8 34. Rbb2
Kd8 35. dxe6+ Ke7 36. exf7 Kxf7 37. Rd7+ Kg8 38. Rxc7 Ra6 39. c6 Ra8 40. g4 Rf8
41. f5 Kh7 42. f6 Rd8 43. Rxg7+ Kh8 44. c7 Rc8 45. Rb8 Rxb8 46. cxb8=R# 1-0

[Event "Challenge"]
[Site "http://www.queenalice.com/game.php?id=1609620"]
[Date "2020.4.27"]
[Round "-"]
[White "o3bor52"]
[Black "GFB"]
[Result "1-0"]
[WhiteElo "1862"]
[BlackElo "1669"]

1. e4 e5 2. Nf3 Nc6 3. Bb5 Qf6 4. c3 Nh6 5. b4 a6 6. Ba4 Be7 7. O-O g5 8. Bb2 g4
9. Ne1 b5 10. Bc2 Rg8 11. a3 Bb7 12. d4 exd4 13. cxd4 O-O-O 14. e5 Qg7 15. Nd2
f6 16. f4 gxf3 17. Ndxf3 Na7 18. Qe2 f5 19. Bb3 Rgf8 20. Qc2 Bxf3 21. Rxf3 Ng4
22. Rc1 c6 23. Qd3 Bg5 24. Rc2 Qh6 25. Rh3 Qg6 26. a4 d6 27. e6 Be7 28. d5 Kb7
29. dxc6+ Nxc6 30. Bd5 Rc8 31. axb5 f4 32. bxa6+ Ka7 33. Bd4+ Nxd4 34. Qxd4+ Kb8
35. Qb6# 1-0

[Event "Challenge"]
[Site "http://www.queenalice.com/game.php?id=1609962"]
[Date "2020.4.29"]
[Round "-"]
[White "GFB"]
[Black "mascarade"]
[Result "0-1"]
[WhiteElo "1661"]
[BlackElo "1754"]

1. e4 e5 2. Nf3 d6 3. h3 Nc6 4. a3 Nf6 5. Nc3 Be6 6. Bb5 Bd7 7. Bxc6 Bxc6 8. d3
Be7 9. Be3 h6 10. Qd2 Nd7 11. O-O g5 12. b4 f5 13. Qe2 f4 14. Bd2 h5 15. a4 g4
16. hxg4 hxg4 17. Ne1 Nf6 18. b5 Bd7 19. Qd1 f3 20. gxf3 gxf3 21. Qxf3 Bg4 22.
Qg3 Qd7 23. Bg5 O-O-O 24. Bxf6 Bxf6 25. Nd5 Bh4 26. Qg2 Rdg8 27. Nf6 Bxf6 28.
Nf3 Bxf3 29. Qg3 Rh1# 0-1

[Event " =^_^=  Bom jogo !"]
[Site "http://www.queenalice.com/game.php?id=1611014"]
[Date "2020.5.6"]
[Round "-"]
[White "GFB"]
[Black "o3bor52"]
[Result "0-1"]
[WhiteElo "1628"]
[BlackElo "1897"]

1. e4 c5 2. e5 e6 3. c4 Nc6 4. Nf3 g6 5. d3 Bg7 6. Bg5 Nge7 7. Be2 Nxe5 8. Nc3
N5c6 9. a3 b6 10. O-O h6 11. Bxe7 Qxe7 12. a4 O-O 13. Ra2 a5 14. Nb5 d6 15. Qd2
Bb7 16. Bd1 Qd7 17. Qf4 e5 18. Qe3 Nd4 19. Nfxd4 exd4 20. Qd2 Rfe8 21. h3 Bc6
22. Bg4 f5 23. Be2 Bxb5 24. axb5 Re7 25. Ra4 Kh7 26. Bf3 Rb8 27. Qf4 Be5 28. Qd2
Qc7 29. g3 Rg8 30. Bd5 Rgg7 31. Qd1 Qd8 32. b3 Qf8 33. f4 Bf6 34. Ra2 g5 35.
Rff2 gxf4 36. Rg2 Rxg3 37. Rxg3 fxg3 38. Re2 Bh4 39. Kg2 Rxe2+ 40. Qxe2 Qf6 41.
Qe8 Qg7 42. Kf3 g2 43. Qg8+ Qxg8 44. Bxg8+ Kxg8 45. Kxg2 Kg7 46. Kf3 Kf6 47. Kf4
h5 48. Kf3 Ke5 49. Kg2 f4 50. Kf3 Bg3 51. Ke2 d5 52. Kf3 dxc4 53. dxc4 Kf5 54.
Kg2 Ke4 55. Kf1 Ke3 56. Kg2 d3 57. h4 d2 58. b4 d1=Q 59. bxc5 Qe2+ 60. Kg1 Qf2+
61. Kh1 Qh2# 0-1